[Event "Barcelona Sant Marti op-B 15th"]
[Site "Barcelona"]
[Date "2013.07.15"]
[Round "3"]
[White "Espinosa Cebrian, Carlos"]
[Black "Garrido Prats, Diego"]
[Result "1/2-1/2"]
[WhiteElo "1861"]
[BlackElo "1776"]
[PlyCount "125"]
[EventDate "2013.07.13"]
[EventType "swiss"]
[EventRounds "9"]
[EventCountry "ESP"]
[SourceTitle "CBM 155 Extra"]
[Source "ChessBase"]
[SourceDate "2013.08.26"]
[SourceVersion "1"]
[SourceVersionDate "2013.08.26"]
[SourceQuality "1"]

1. d4 d5 2. c4 c6 3. Nf3 Nf6 4. g3 dxc4 5. a4 Bf5 6. Na3 e6 7. Nxc4 Bb4+ 8. Bd2 Qe7 9. Qb3 Na6 10. Bg2 Be4 11. 0-0 Bd5 12. Bxb4 Nxb4 13. a5 0-0 14. Ra4 Na6 15. Re1 Ne4 16. Qa3 Qxa3 17. Rxa3 Bxc4 18. Ne5 Bd5 19. f3 Nd6 20. e4 Bc4 21. Rc3 Bb5 22. f4 f6 23. Nd7 Rfd8 24. Bh3 f5 25. exf5 exf5 26. Ne5 Nc7 27. g4 Nd5 28. Rf3 fxg4 29. Bxg4 Nf6 30. Be6+ Kf8 31. h4 Nde4 32. Rfe3 Rxd4 33. Nf3 Rd3 34. f5 Rad8 35. Ng5 Rxe3 36. Rxe3 Nxg5 37. hxg5 Nd5 38. Re4 Re8 39. Rh4 Nc7 40. g6 hxg6 41. Bc8 Rxc8 42. Rh8+ Ke7 43. Rxc8 Ne8 44. fxg6 Kd7 45. Ra8 Ba6 46. Kf2 Nc7 47. Rf8 Bc4 48. Rb8 Ba6 49. Rf8 Ne6 50. Rf7+ Kd6 51. Ke3 Ke5 52. b4 Kd5 53. Re7 Ke5 54. Rf7 c5 55. bxc5 Nxc5 56. Rxg7 Kf6 57. Rg8 Ne6 58. Ke4 Ng7 59. Ra8 Kxg6 60. Rxa7 Ne6 61. Kd5 Nc7+ 62. Kc5 Kf6 63. Rxb7 1/2-1/2

[Event "Barcelona Sant Marti op-B 15th"]
[Site "Barcelona"]
[Date "2013.07.14"]
[Round "2"]
[White "Garrido Prats, Diego"]
[Black "Varela la Madrid, Maria"]
[Result "1-0"]
[WhiteElo "1776"]
[BlackElo "1927"]
[PlyCount "229"]
[EventDate "2013.07.13"]
[EventType "swiss"]
[EventRounds "9"]
[EventCountry "ESP"]
[SourceTitle "CBM 155 Extra"]
[Source "ChessBase"]
[SourceDate "2013.08.26"]
[SourceVersion "1"]
[SourceVersionDate "2013.08.26"]
[SourceQuality "1"]

1. c4 Nf6 2. g3 e6 3. Bg2 d5 4. cxd5 exd5 5. Nf3 Bd6 6. d3 0-0 7. 0-0 Bg4 8. Nbd2 Re8 9. a3 Nbd7 10. Re1 c6 11. Rb1 Qc7 12. b3 Re7 13. Bb2 Rae8 14. Rc1 Ne5 15. Qc2 Qd7 16. Nxe5 Bxe5 17. Nf3 Bxb2 18. Qxb2 Bh3 19. Bh1 Qg4 20. Rc2 Qh5 21. Qd4 Bf5 22. Rd2 b6 23. Qf4 h6 24. Nd4 Bd7 25. Nf3 Bf5 26. Nh4 Bd7 27. Bf3 Qg5 28. Ng2 Qxf4 29. Nxf4 g5 30. Nh5 Nxh5 31. Bxh5 d4 32. Bf3 g4 33. Bg2 Re5 34. Rc2 R8e6 35. f4 gxf3 36. Bxf3 Rg6 37. Kf2 Ra5 38. Ra1 Rf6 39. Rc4 Rd5 40. Kg2 Rdd6 41. b4 Kf8 42. a4 Rg6 43. b5 cxb5 44. axb5 Bxb5 45. Rc8+ Kg7 46. Rxa7 Bc6 47. Bxc6 Rxc6 48. Rxc6 Rxc6 49. Ra4 Rd6 50. Rb4 f5 51. Kf3 Kf6 52. h3 Ke7 53. Rb5 Kd7 54. Rxf5 Kc6 55. e4 dxe3 56. Kxe3 b5 57. d4 b4 58. Kd3 b3 59. Rc5+ Kb6 60. Rc3 Rg6 61. Rxb3+ Kc6 62. Ke4 Rg5 63. Rf3 h5 64. Rf6+ Kd7 65. Rf3 Ke6 66. Re3 Kf6 67. d5 Rg8 68. Kd4 Ra8 69. Kc5 Ra5+ 70. Kc6 Ra1 71. d6 Rc1+ 72. Kd7 h4 73. g4 Kg5 74. Rf3 Rd1 75. Kd8 Rxd6+ 76. Ke7 Ra6 77. Rf5+ Kg6 78. Rh5 Ra7+ 79. Kd6 Ra6+ 80. Kc7 Ra7+ 81. Kb6 Ra3 82. Rxh4 Rc3 83. Rh5 Rc2 84. Rc5 Rg2 85. Rc3 Kg5 86. Kc5 Rd2 87. Kc4 Rd7 88. Kb3 Kh4 89. Kc2 Rd5 90. Rd3 Ra5 91. Kc3 Kg5 92. Kd2 Kf4 93. Ke2 Ra2+ 94. Rd2 Ra3 95. Rd4+ Ke5 96. Rd3 Ra2+ 97. Kf3 Ra4 98. Kg3 Kf6 99. Rd5 Ra3+ 100. Kh4 Rb3 101. Rd6+ Ke7 102. Rh6 Kf7 103. g5 Rb4+ 104. Kh5 Rb3 105. Rf6+ Kg7 106. h4 Rg3 107. Rb6 Rh3 108. Rb7+ Kf8 109. Kg4 Rc3 110. Kf5 Rc4 111. h5 Rc5+ 112. Kg6 Rc6+ 113. Kh7 Rc5 114. Rg7 Rc6 115. h6 1-0

[Event "Barcelona Sant Marti op-B 15th"]
[Site "Barcelona"]
[Date "2013.07.13"]
[Round "1"]
[White "Tateo, Ida"]
[Black "Garrido Prats, Diego"]
[Result "0-1"]
[WhiteElo "1387"]
[BlackElo "1776"]
[PlyCount "64"]
[EventDate "2013.07.13"]
[EventType "swiss"]
[EventRounds "9"]
[EventCountry "ESP"]
[SourceTitle "CBM 155 Extra"]
[Source "ChessBase"]
[SourceDate "2013.08.26"]
[SourceVersion "1"]
[SourceVersionDate "2013.08.26"]
[SourceQuality "1"]

1. e4 c5 2. Nf3 d6 3. d4 cxd4 4. Nxd4 Nf6 5. Nc3 a6 6. f4 e6 7. Qf3 Be7 8. Bd3 Nbd7 9. Qg3 Qb6 10. Nb3 Nc5 11. Nxc5 Qxc5 12. Be3 Qh5 13. Be2 Qg6 14. Qxg6 hxg6 15. 0-0-0 b5 16. a3 Bb7 17. Bf3 Nd7 18. Rdg1 Bc6 19. Kb1 Rc8 20. Bf2 a5 21. b4 axb4 22. axb4 Nf6 23. e5 Bxf3 24. gxf3 Rxc3 25. exf6 Bxf6 26. Rd1 Rxf3 27. Bd4 Ke7 28. Bxf6+ gxf6 29. Rd4 Rh4 30. Rhd1 d5 31. Kb2 Rfxf4 32. c4 Rxd4 0-1

[Event "Barcelona Primavera La Lira op 6th"]
[Site "Barcelona"]
[Date "2013.06.06"]
[Round "9"]
[White "Garrido Prats, Diego"]
[Black "Mansilla Lou, Lluis"]
[Result "1-0"]
[WhiteElo "1720"]
[BlackElo "1971"]
[PlyCount "47"]
[EventDate "2013.04.11"]
[EventType "swiss"]
[EventRounds "9"]
[EventCountry "ESP"]
[SourceTitle "CBM 154 Extra"]
[Source "ChessBase"]
[SourceDate "2013.06.25"]
[SourceVersion "2"]
[SourceVersionDate "2013.06.25"]
[SourceQuality "1"]

1. e4 g6 2. d4 Bg7 3. Nf3 c6 4. c3 Nf6 5. e5 Nd5 6. Bc4 0-0 7. 0-0 d6 8. Bxd5 cxd5 9. Bf4 dxe5 10. Nxe5 Qb6 11. Qc1 Nc6 12. Re1 Be6 13. Nd3 Rac8 14. Qd2 Bf5 15. Nc5 e5 16. Be3 exd4 17. cxd4 Bxd4 18. Bxd4 Nxd4 19. Na4 Qf6 20. Nbc3 Be6 21. Rad1 Nc6 22. Nxd5 Bxd5 23. Qxd5 Rfd8 24. Qb3 1-0